| 000 | 00348nam a2200133Ia 4500 | ||
|---|---|---|---|
| 008 | 191201s2004 xx 000 0 und d | ||
| 082 |
_a620.106 _bEVS |
||
| 100 | _aEVETT, Jack Bond | ||
| 245 | 0 | _a2,500 Solved Problems In Fluid Mechanics and Hydraulics | |
| 260 |
_aNew Delhi _bPHI _c2004 |
||
| 300 | _a797 | ||
| 650 | _aB.Tech(ME) | ||
| 942 |
_2ddc _cBK |
||
| 999 |
_c1912 _d1912 |
||